00191nam a22000737a 4500003000400000245006500004260004000069300000800109SGT aInternational Journal of Computational Intelligence Research bWorld Scientific Publication c2020 a400